Svietiace bocianie hniezda Pohľady do ochranárskej minulosti

Bibliographic Details
Format: Article
Language:Slovak
Subjects:

MARC

LEADER 00000nab a2200000 a 4500
001 vtls000534993
003 SK-MaSNL
005 20260303114524.0
008 120928c1994 xo 0 slo
015 |a SNBRB19rr/mm-uuuuu 
035 |a CL0535131 
040 |a SNKBUCL  |b slo  |c SNKBUCL  |e AACR2 
041 0 |a slo 
044 |a xo  |c SK 
080 |a 598.34:502.743(437.6)  |2 1981 
080 |a 502.743(437.6)  |2 1981 
245 0 0 |a Svietiace bocianie hniezda  |b Pohľady do ochranárskej minulosti 
650 0 7 |a bocian biely  |2 snkbucl  |9 29472 
650 0 7 |a bocian biely  |2 snkbucl  |9 29472 
655 7 |a články z novín a časopisov  |2 snkbucl  |9 267496 
773 0 |t Ekopanoráma  |g Roč. 5, č. 8 (1994), s. 8 
850 |a Slovenská národná knižnica v Martine  |a MTA001 
852 |a SNK  |b KIS3GCP 
958 |a RK 
992 |a RBX 
999 |c 1898685  |d 1900615